B14 バス停名クイズ - 阪急バス ver. - Statistics

General Stats
  • This quiz has been taken 7 times
  • The average score is 86 of 1718
Answer Stats
Answer % Correct
芦屋浜営業所前
67%
イオンモール伊丹
67%
伊丹営業所前
67%
神戸駅前
67%
67%
柴原
67%
鈴蘭台駅
67%
千里営業所前
67%
千里中央
67%
宝塚駅
67%
日生中央駅
67%
萩原
67%
萩原台
67%
服部
67%
阪急相川駅
67%
阪急茨木市駅(西口)
67%
阪急茨木市駅(東口)
67%
阪急岡町駅
67%
阪急川西能勢口駅
67%
阪急川西能勢口駅(東口)
67%
阪急北千里駅
67%
阪急甲東園駅
67%
阪急逆瀬川駅(西口)
67%
阪急逆瀬川駅(東口)
67%
阪急千里山駅
67%
阪急曽根駅
67%
阪急園田駅
67%
阪急豊中駅
67%
阪急仁川駅
67%
阪急西宮北口駅
67%
阪急南千里駅
67%
阪急山田駅
67%
牧落
67%
箕面萱野駅
67%
箕面萱野駅南
67%
箕面船場阪大前駅
67%
桃山
67%
桃山台駅
67%
緑地公園駅(西口)
67%
JR芦屋駅
67%
JR芦屋駅(南口)
67%
JR茨木駅
67%
JR川西池田駅
67%
JR吹田駅(北口)
67%
JR吹田駅(南口)
67%
JR武田尾駅
67%
JR中山寺駅(北口)
67%
JR中山寺駅(南口)
67%
JR西宮駅
67%
JR西宮駅(外)
67%
JR西宮名塩駅
67%
有馬温泉駅
33%
伊丹中央
33%
33%
猪名川町役場
33%
猪名川町役場前
33%
稲野
33%
亥子谷
33%
亥子谷名神下
33%
茨木営業所前
33%
茨木市役所前
33%
今宮
33%
畦野駅
33%
宇野辺
33%
江坂駅
33%
大池
33%
大池駅
33%
岡場駅
33%
小野原
33%
小野原東
33%
勝尾寺
33%
萱野三平前
33%
川西市役所前
33%
川西中学校前
33%
川西明峰高校前
33%
関西大学吹田みらいキャンパス
33%
岸部
33%
北鈴蘭台駅
33%
北村
33%
絹延橋
33%
苦楽園
33%
苦楽園口
33%
車作
33%
呉羽の里
33%
競馬場
33%
京阪淀駅
33%
外院
33%
外院の里
33%
神足
33%
光風台駅
33%
神戸駅南口
33%
克明小学校前
33%
五社駅
33%
彩都西駅
33%
彩都やまぶき五丁目
33%
彩都やまぶき三丁目
33%
彩都やまぶき四丁目
33%
逆瀬台一丁目
33%
逆瀬台五丁目
33%
栄根
33%
桜塚
33%
桜塚高校前
33%
佐竹台診療所前
33%
佐竹台四丁目
33%
しあわせの村中央
33%
下穂積
33%
正雀
33%
庄内駅前
33%
神鉄六甲駅
33%
吹田営業所前
33%
清和台一丁目
33%
清和台営業所前
33%
清和台中央
33%
清和台四丁目
33%
摂津市役所前
33%
高野台中学校前
33%
宝塚市役所前
33%
谷上駅
33%
つかしん前
33%
津雲台センター前
33%
津雲台七丁目
33%
豊川駅
33%
豊中高校前
33%
豊中市役所前
33%
長岡京市役所前
33%
中山台一丁目
33%
中山台二丁目
33%
七尾
33%
生瀬
33%
西鈴蘭台駅
33%
西宮営業所前
33%
西町三丁目
33%
ニューム・ジェット
33%
忍頂寺
33%
能勢町役場前
33%
波豆
33%
花屋敷
33%
花山駅
33%
阪急芦屋川駅
33%
阪急池田駅
33%
阪急石橋阪大前駅
33%
阪急伊丹
33%
阪急夙川駅
33%
阪急摂津市駅
33%
阪急宝塚南口駅
33%
阪急塚口
33%
阪急豊津駅
33%
阪急長岡天神
33%
阪急中山観音駅(北口)
33%
阪急中山観音駅(南口)
33%
阪急西山天王山駅
33%
阪急東向日駅
33%
阪急雲雀丘花屋敷駅
33%
阪急水無瀬駅
33%
阪急箕面駅
33%
阪急売布神社駅
33%
阪急山本駅
33%
阪神芦屋駅
33%
阪神尼崎
33%
阪神打出駅
33%
阪神香櫨園駅
33%
阪神西宮
33%
阪大本部前
33%
万博記念公園駅
33%
東豊中
33%
東豊中二丁目
33%
鵯越駅前
33%
平野[豊能町]
33%
平野[神戸市]
33%
平野駅
33%
南桜井
33%
南摂津駅
33%
南野坂
33%
南花屋敷
33%
南町三丁目
33%
箕面高校前
33%
箕面市役所前
33%
箕面墓地前
33%
箕谷
33%
向日市役所前
33%
メゾン千里丘
33%
桃山台二丁目
33%
門戸
33%
山口営業所前
33%
山下
33%
山下駅
33%
山の街駅
33%
紫合
33%
湯山台
33%
余野
33%
洛西バスターミナル
33%
緑地公園グリーンハイツ前
33%
霊園前
33%
有馬温泉(太閤橋)
33%
柴原阪大前駅(市立豊中病院前)
33%
吹田市役所前(阪急吹田駅)
33%
西宮市役所前(国道上)
33%
西宮市役所(阪神西宮駅東口)
33%
JR岸辺駅(北口)
33%
JR岸辺駅(南口)
33%
JR甲子園口駅
33%
JRさくら夙川駅
33%
JR島本駅
33%
JR千里丘駅
33%
JR長岡京駅(西口)
33%
JR長岡京駅(東口)
33%
JR向日町駅
33%
吹田SST
33%
安威
0%
安威団地
0%
安威団地口
0%
アイディタウン
0%
安威南口
0%
アヴェルデ前
0%
粟生外院
0%
粟生外院一丁目
0%
粟生団地
0%
青葉丘北
0%
青葉丘南
0%
青葉台口
0%
粟生畑ケ田
0%
粟生間谷西一丁目
0%
粟生間谷西七丁目
0%
粟生間谷西四丁目
0%
粟生間谷東五丁目
0%
青山台一丁目
0%
青山台二丁目
0%
青山台四丁目
0%
青山幼稚園前
0%
赤坂峠
0%
あかね
0%
赤馬
0%
安倉
0%
安倉北小学校前
0%
安倉下ノ池
0%
安倉小学校前
0%
安倉中三丁目
0%
浅田
0%
朝凪町
0%
旭ヶ丘
0%
旭丘
0%
旭ヶ丘上
0%
旭ヶ丘北口
0%
朝日ケ丘北公園
0%
旭ヶ丘口上
0%
旭ヶ丘口下
0%
旭ヶ丘下
0%
旭ヶ丘団地前
0%
朝日ヶ丘町
0%
朝日が丘町
0%
朝日が丘町名神下
0%
旭ヶ丘中
0%
旭が丘ホーム前
0%
あさひ橋
0%
アサヒビール会社前
0%
旭町
0%
芦原町
0%
あしや喜楽苑前
0%
芦屋ゲート
0%
芦屋市総合公園前
0%
芦屋市民プール前
0%
芦屋ハイランド
0%
芦屋病院前
0%
愛宕原ゴルフ場
0%
愛宕山
0%
後谷新池
0%
尼崎北警察署
0%
尼崎総合文化センター
0%
綾羽町
0%
有野公園前
0%
有野台1丁目
0%
有野台会館前
0%
有野台9丁目
0%
有野台5丁目
0%
有野台7丁目
0%
有野台8丁目
0%
有野台4丁目
0%
有野台6丁目
0%
有馬中学校前
0%
有馬東口
0%
イエズス修道会前
0%
イオンモール猪名川
0%
伊賀寺
0%
井口堂
0%
池田駅南
0%
池田市役所前
0%
池田電話局前
0%
池ノ尻
0%
石在町
0%
石澄
0%
石澄住宅
0%
石船
0%
石丸
0%
石道口
0%
泉原
0%
泉原上
0%
泉が丘
0%
泉ガ丘北
0%
泉が丘口
0%
泉ガ丘第1
0%
泉ガ丘第2
0%
泉ガ丘南
0%
泉台5丁目
0%
泉台7丁目
0%
泉台2丁目
0%
泉台南
0%
泉台4丁目
0%
泉町
0%
泉橋
0%
イズミヤ前
0%
伊孑志
0%
伊丹一丁目
0%
伊丹北ノ口
0%
伊丹坂
0%
伊丹スカイパーク・上須古
0%
板谷
0%
一ヶ谷町
0%
市場前
0%
一文橋
0%
一里塚
0%
一本松
0%
五日市
0%
猪名川グリーンランド
0%
猪名川グリーンランド上
0%
猪名川高校前
0%
猪名川町スポーツセンター前
0%
稲谷
0%
稲津
0%
稲津町三丁目
0%
猪名寺西口
0%
稲葉庄
0%
稲ふれあいセンター
0%
茨木警察署前
0%
茨木サニータウン
0%
茨木団地前
0%
茨木ヒルズ
0%
茨木山手台七丁目
0%
茨木山手台二丁目
0%
猪渕口
0%
今在家町
0%
今里
0%
今里赤ノ上
0%
今里町
0%
今宮一丁目
0%
今宮三丁目
0%
今宮四丁目
0%
祝橋北
0%
岩ヶ平
0%
岩園町
0%
岩園橋
0%
岩園幼稚園前
0%
上ヶ原
0%
上ヶ原二番町
0%
上ヶ原南口
0%
上ヶ原四番町
0%
上ヶ原六番町
0%
上加茂
0%
上久代
0%
上杉口
0%
植野
0%
上野
0%
上野口
0%
上野坂
0%
上野坂一丁目
0%
上野坂下
0%
上野小学校前
0%
上野西三丁目
0%
上野東三丁目
0%
右京の里
0%
鴬が丘第1公園前
0%
鴬台
0%
うぐいす台西
0%
うぐいす谷
0%
移瀬
0%
宇ノ山
0%
宇保町
0%
梅ヶ丘
0%
梅が丘二丁目
0%
永保橋
0%
永楽荘四丁目
0%
江上町
0%
駅前通り
0%
江口橋
0%
江坂町5丁目
0%
エデンの園
0%
江ノ木公園前
0%
園芸高校前
0%
円明寺ヶ丘
0%
延命寺
0%
老松町
0%
追手門学院前
0%
追手門幼稚園前
0%
大井
0%
大池見山台
0%
大岩稲荷前
0%
大岩口
0%
大阪国際空港
0%
大里
0%
大里住宅前
0%
大島小学校前
0%
大島町
0%
大下津
0%
大曽根
0%
大原中学校前
0%
大原野小学校前
0%
大東
0%
大森町
0%
大野口
0%
大屋町
0%
大山崎町体育館前
0%
岡上の町二丁目
0%
岡町北
0%
0%
奥池
0%
奥池集会所前
0%
奥海印寺
0%
奥垣内
0%
小倉台4丁目
0%
小倉橋
0%
小曽根
0%
小曽根三丁目
0%
落合橋
0%
乙訓寺前
0%
小野原旧街道
0%
小野原西
0%
小野原西五丁目
0%
小野原東五丁目
0%
小野原東六丁目
0%
小野原東三丁目
0%
小野原東四丁目
0%
小野原南
0%
小畑橋
0%
尾花橋
0%
尾浜
0%
卸売市場前
0%
温泉橋
0%
海印寺
0%
鶏冠井コミセン前
0%
開田
0%
開森橋
0%
海洋町
0%
垣内
0%
歌劇場前
0%
柏梨田
0%
樫切山中
0%
樫ノ木公園前
0%
柏原
0%
柏原口
0%
柏原下
0%
柏原中
0%
鍛冶屋橋
0%
春日
0%
春日1丁目北
0%
春日1丁目中
0%
春日1丁目南
0%
春日丘
0%
春日神社前
0%
春日町二丁目
0%
春日町四丁目
0%
春日橋
0%
春日四丁目
0%
春日4丁目
0%
片山口
0%
片山小学校前
0%
片山町三丁目
0%
勝山中学校前
0%
勝山町
0%
金井町
0%
金ヶ原
0%
金ヶ原口
0%
金ヶ原中
0%
金ヶ原湯川酒店前
0%
鐘化前
0%
金田町
0%
甲山墓園前
0%
鎌倉峡
0%
上植野浄水場前
0%
上大市5丁目
0%
上音羽
0%
上音羽口
0%
上川原
0%
上甲東園
0%
上佐曽利
0%
上佐曽利南口
0%
上里
0%
上渋谷
0%
上宿野
0%
上新田
0%
上新田住宅前
0%
神園町
0%
上田尻
0%
上谷上
0%
上長法寺
0%
神津
0%
上天竺橋
0%
上止々呂美
0%
上鳥飼
0%
上鳥飼北
0%
上ノ所
0%
上ノ町
0%
上之町
0%
上福井
0%
上穂積
0%
上宮川橋
0%
上武庫橋
0%
上山口
0%
上山手町
0%
加茂
0%
加茂小学校前
0%
加茂二丁目
0%
加茂南口
0%
萱野北小学校前
0%
柏堂町
0%
河陽が丘一丁目
0%
河陽が丘二丁目中
0%
カリヨンの丘
0%
川合
0%
川尻
0%
川床
0%
川床口
0%
川西郵便局前
0%
川東町
0%
瓦木支所前
0%
瓦木中学校前
0%
川原公園前
0%
関西学院千里国際キャンパス
0%
関西学院前
0%
関電学園前
0%
上原
0%
菊水町10丁目
0%
菊谷町
0%
雉が谷
0%
岸の郷橋
0%
岸部小路
0%
岸部東
0%
岸辺南
0%
鬼子母神前
0%
木代
0%
キセラ川西・総合医療センター
0%
北今在家
0%
北江口住宅前
0%
北江口橋
0%
北公園前
0%
北五葉3丁目
0%
北五葉7丁目
0%
北五葉2丁目
0%
北桜塚
0%
北夙川小学校前
0%
北小学校口
0%
北条小学校
0%
北条町一丁目
0%
北消防署前
0%
北田原
0%
北田原東口
0%
北中央公園前
0%
北豊島中学校前
0%
北轟木
0%
北野
0%
北町一丁目
0%
北町二丁目
0%
北緑丘
0%
北緑丘小学校前
0%
北緑丘団地
0%
北村西ノ口
0%
北六甲台センター前
0%
北六甲台天上公園前
0%
北六甲台鍋倉公園前
0%
北六甲台東口
0%
北脇
0%
木津
0%
木津上
0%
木津八幡神社前
0%
絹延町
0%
記念公園西口
0%
記念公園南口
0%
記念碑台
0%
木部
0%
希望ヶ丘三丁目
0%
希望ヶ丘二丁目
0%
希望ヶ丘東
0%
希望ヶ丘四丁目
0%
肝川橋
0%
久安寺
0%
京都済生会病院
0%
清荒神清澄寺
0%
清ノ瀬橋
0%
切畑
0%
切畑北口
0%
切畑公園前
0%
銀山口
0%
錦松台
0%
錦松台口
0%
金仙寺
0%
金仙寺口
0%
金蘭会学園前
0%
空港一丁目
0%
久貝
0%
久々知
0%
草谷
0%
久代
0%
久代口
0%
久代南
0%
久代六丁目
0%
楠町6丁目
0%
口谷東
0%
口山内
0%
グッド・サマリタンチャーチ前
0%
熊ヶ谷
0%
熊野田小学校前
0%
熊野町[豊中市]
0%
熊野町[西宮市]
0%
熊野町一丁目
0%
熊野町西
0%
熊野町東
0%
熊野橋
0%
蔵垣内
0%
苦楽園一番町
0%
苦楽園五番町
0%
苦楽園麓
0%
倶楽部前
0%
グリーンハイツ北
0%
グリーンハイツセンター
0%
クリーンランド
0%
栗栖
0%
車川庄
0%
車作クラブ前
0%
呉川町
0%
呉服町
0%
桑原
0%
桑原橋
0%
競馬場北
0%
けやき坂一丁目
0%
けやき坂口
0%
けやき坂五丁目
0%
けやき坂三丁目
0%
けやき坂小学校前
0%
けやき坂二丁目
0%
けやき坂二丁目南
0%
けやき坂四丁目
0%
剣谷
0%
県立芦屋高校前
0%
県立高校前
0%
県立西宮病院前
0%
香花園
0%
工業団地前
0%
高座
0%
高座金清橋
0%
甲子園学院前
0%
甲子園短期大学前
0%
荒神川
0%
神田
0%
神足稲葉
0%
上津島
0%
甲南高校前
0%
光風台住宅前
0%
光風台小学校前
0%
光風台駐輪場
0%
光風台六丁目三号公園
0%
光風台六丁目二号公園
0%
甲武橋
0%
甲武橋西詰
0%
神戸女学院西門前
0%
神戸親和大学
0%
光明寺
0%
公民館前
0%
向陽苑前
0%
向陽台三丁目
0%
広陵中学校前
0%
広陵町1丁目
0%
広陵町3丁目
0%
広陵町4丁目
0%
0%
郡山団地
0%
こがねが丘
0%
国道石橋
0%
国道大山崎
0%
国道島本
0%
国道夙川
0%
国道豊川
0%
国道中筋
0%
越木岩神社北
0%
御所前
0%
御殿山二丁目
0%
御殿山四丁目
0%
木ノ元
0%
小浜
0%
小浜一丁目
0%
駒の町
0%
木間生
0%
ゴロゴロ橋
0%
コーナン前
0%
西願寺橋
0%
佐井寺
0%
佐井寺北
0%
佐井寺南が丘
0%
彩都粟生北五丁目
0%
彩都粟生北三丁目
0%
彩都粟生北二丁目
0%
彩都粟生南五丁目
0%
彩都粟生南七丁目
0%
彩都粟生南六丁目
0%
彩都あかね1
0%
彩都あかね口
0%
彩都あかね3
0%
彩都あかね2
0%
彩都あさぎ
0%
彩都あさぎ三丁目
0%
彩都あさぎ南
0%
彩都はなだ二丁目
0%
才の神
0%
西面
0%
西面大橋
0%
境谷センター前
0%
境野
0%
栄町
0%
逆瀬川団地前
0%
坂ノ下
0%
鷺谷公園前
0%
桜井駅
0%
桜井口
0%
桜井谷
0%
桜ヶ丘
0%
桜ヶ丘西
0%
桜ヶ丘南
0%
さくらコース前
0%
さくら参道
0%
さくら台
0%
桜台一丁目
0%
さくら台一丁目
0%
桜台二丁目
0%
さくら台南口
0%
桜台四丁目
0%
さくら台四丁目
0%
桜台六丁目
0%
桜中央橋
0%
桜道入口
0%
笹尾春日神社前
0%
笹尾上
0%
差組
0%
差組大橋
0%
佐竹台五丁目
0%
佐竹台三丁目
0%
佐竹台幼稚園前
0%
佐竹台六丁目
0%
五月丘
0%
五月が丘
0%
五月丘一丁目
0%
五月丘小学校前
0%
五月が丘西
0%
五月が丘南
0%
五月台一丁目
0%
五月台五丁目
0%
五月台三丁目
0%
五月台七丁目
0%
五月台四丁目
0%
五月台六丁目
0%
五月山公園・大広寺
0%
座頭谷
0%
里山そらテラス
0%
早苗の森
0%
さゆり幼稚園前
0%
さんかく緑地前
0%
産業文化会館前
0%
三軒家
0%
三十九番地
0%
山麓公園
0%
自衛隊病院前
0%
潮芦屋中央
0%
塩瀬中学校前
0%
汐の湯温泉前
0%
潮見町
0%
ジオ緑地住宅前
0%
紫金山公園前
0%
獅子ヶ口
0%
支所前
0%
芝西
0%
柴の里
0%
柴の里自治会館前
0%
柴原口
0%
芝本
0%
渋谷中学校前
0%
0%
島江
0%
島熊山
0%
島本町役場前
0%
清水[茨木市]
0%
清水[猪名川町]
0%
清水ヶ口
0%
清水北
0%
清水橋[能勢町]
0%
清水橋[伊丹市]
0%
市民運動場前
0%
市民体育館前
0%
市民文化ホール前
0%
市民防災総合センター
0%
下井
0%
下音羽
0%
下佐曽利
0%
下渋谷
0%
下田尻
0%
下谷上
0%
下止々呂美
0%
下鳥飼
0%
下中橋
0%
下山口
0%
下山田
0%
社会福祉会館
0%
尺谷
0%
住宅前
0%
鷲林寺
0%
鷲林寺南口
0%
夙川小学校前
0%
宿川原
0%
宿久庄
0%
宿久庄西
0%
寿命院前
0%
勝安寺前
0%
小学校前
0%
上下谷公園
0%
少路二丁目
0%
聖天寺下
0%
庄内幸町五丁目
0%
庄内栄町五丁目
0%
庄内東一丁目
0%
庄内東五丁目
0%
城南三丁目
0%
庄之本
0%
勝福寺前
0%
生保
0%
消防本部前
0%
庄本
0%
勝竜寺城公園前
0%
昭和町
0%
ショッピングセンター前
0%
市立池田病院
0%
市立スポーツセンター前
0%
市立病院
0%
市立病院前
0%
シルバーカレッジ前
0%
知るべ岩
0%
白金一丁目
0%
白金三丁目
0%
白金二丁目
0%
城の里中
0%
城の里東
0%
城山町
0%
新芦屋
0%
新有馬
0%
新有馬(香花園臨時)
0%
新大阪
0%
新小川
0%
新開地
0%
新開地東口
0%
新開橋
0%
新幹線公園前
0%
新家
0%
神境町
0%
森興橋
0%
新光風台五丁目
0%
新光風台自治会館前
0%
新光風台二丁目
0%
新光風台四丁目
0%
新在家口
0%
新船場北橋
0%
新船場南橋
0%
新田
0%
新田幼稚園前
0%
新林公団住宅前
0%
森町里山住宅口
0%
森町中央公園
0%
森町中三丁目
0%
森町中二丁目
0%
新三国橋
0%
新明和前
0%
新山崎橋
0%
シーサイドセンター
0%
シーサイド西口
0%
シートス前
0%
水月公園前
0%
水源池
0%
水源池前
0%
吹高口
0%
水車谷
0%
すいせん公園前
0%
吹田簡易裁判所
0%
吹田高校
0%
吹田市立中央図書館
0%
吹田第二小学校前
0%
吹田第二中学校前
0%
吹田徳洲会病院前
0%
吹田東高校前
0%
吹田東小学校前
0%
吹東町
0%
水道橋
0%
水明台一丁目
0%
水明台三丁目
0%
水明台四丁目
0%
末広町
0%
寸賀尻橋
0%
杉生
0%
涼風町
0%
涼風町東
0%
鈴谷口
0%
鈴蘭台東口
0%
砂子谷
0%
スポーツセンター
0%
角宮神社前
0%
住吉
0%
すみれガ丘一丁目
0%
すみれガ丘北公園前
0%
すみれガ丘三丁目
0%
すみれガ丘中央
0%
すみれガ丘二丁目
0%
すみれガ丘東
0%
すみれ台一丁目
0%
すみれ台二丁目
0%
青松園中央
0%
青松園前
0%
誠成公倫会館
0%
誠成公倫会館(外)
0%
西南小学校前
0%
せいふうクリニック
0%
星和台口
0%
星和台ポラール前
0%
清和台南
0%
瀬川
0%
瀬川緑地公園前
0%
せせらぎ公園前
0%
摂津警察署前
0%
摂津ふれあいの里
0%
センイシティー南
0%
千軒
0%
宣真学園前
0%
千提寺口
0%
センター前
0%
船場団地
0%
船場西一丁目
0%
船場西二丁目
0%
船場東一丁目
0%
船場東三丁目
0%
千本口
0%
千里丘一丁目
0%
千里丘上
0%
千里丘北
0%
千里丘五丁目
0%
千里丘清水
0%
千里丘下
0%
千里丘七丁目
0%
千里ディアヒルズ前
0%
千里ひなたが丘前
0%
千里山竹園1丁目
0%
千里山竹園遊園前
0%
千里山西4丁目
0%
千里山西6丁目
0%
千里山東
0%
千里山松が丘
0%
千里山西4丁目南
0%
税務署前
0%
銭原
0%
銭原クラブ前
0%
荘園口
0%
総監部前
0%
総合運動場前
0%
総合公園前
0%
総合福祉センター前
0%
惣山町1丁目
0%
惣山町4丁目
0%
曽根東
0%
染之井住宅前
0%
尊鉢
0%
第一公園前
0%
大学病院前
0%
ダイキン工業前
0%
大極殿前
0%
太鼓山
0%
太鼓山(東)
0%
第三公園前
0%
第三自治会館前
0%
大社町
0%
第十公園前
0%
大正橋
0%
大同町
0%
大東町
0%
第二大山崎小学校前
0%
第二中学校口
0%
第八公園前
0%
ダイハツ本社前
0%
大門北
0%
大門橋
0%
大門南
0%
第四中学校前
0%
大和西一丁目
0%
大和西五丁目
0%
大和西二丁目
0%
大和東一丁目
0%
大和東五丁目
0%
大和東三丁目
0%
大和東二丁目
0%
大和東四丁目
0%
第3向陽小学校前
0%
高木東町
0%
高座町
0%
高座橋
0%
高台
0%
高台西
0%
高台西口
0%
高司中学校前
0%
高司二丁目
0%
高司四丁目
0%
高野台五丁目
0%
高野台小学校前
0%
高野台二丁目
0%
高野台四丁目
0%
高畑町
0%
高浜神社前
0%
高浜町
0%
高松
0%
高丸公園前
0%
高丸3丁目東
0%
高村
0%
高山
0%
高山口
0%
宝塚安倉団地
0%
宝塚インター
0%
宝塚営業所前
0%
宝塚警察署前
0%
宝塚ゴルフ場
0%
宝塚さくらの丘公園
0%
宝塚自然の家前
0%
宝塚市立健康センター
0%
宝塚市立病院
0%
宝塚すみれ墓苑管理事務所前
0%
宝塚すみれ墓苑中央
0%
宝塚西高校前
0%
宝塚山手台一丁目
0%
宝塚山手台北公園前
0%
宝塚山手台三丁目
0%
宝塚山手台中央
0%
宝塚山手台二丁目
0%
宝塚山手台東三丁目
0%
宝塚山手台東四丁目
0%
宝塚山手台四丁目
0%
滝ノ町
0%
滝ノ町自治会館前
0%
滝山
0%
滝山町
0%
武田尾辻
0%
竹谷
0%
竹橋町
0%
田尻橋
0%
多世代地域交流センター前
0%
多田院高詰
0%
多田大橋
0%
多田神社前
0%
田近野
0%
辰巳
0%
田内北
0%
田中
0%
田中町
0%
田中橋
0%
多文化交流センター前
0%
玉川幼稚園前
0%
玉瀬
0%
玉瀬辻
0%
民田口
0%
ダムパークいばきた前
0%
多聞通5丁目
0%
垂水
0%
垂水町二丁目
0%
段上小学校前
0%
段上町6丁目
0%
団地入口
0%
地域福祉センター前
0%
茶屋ノ町
0%
中央環状柴原口
0%
中央環状新在家
0%
中央公園口
0%
中央公園前
0%
中央図書館前
0%
中央病院前
0%
町営住宅前
0%
長興寺
0%
調子
0%
丁字ケ辻
0%
手水ヶ谷
0%
長法寺
0%
長法寺篠谷
0%
通学門前
0%
塚口本町
0%
塚原口
0%
月若公園
0%
つくしが丘公園
0%
筑紫が丘5丁目
0%
筑紫が丘4丁目
0%
筑紫が丘6丁目
0%
0%
津雲台五丁目
0%
津雲台二丁目
0%
津雲台南口
0%
辻ヶ池公園前
0%
辻村
0%
つつじが丘[宝塚市]
0%
つつじが丘[猪名川町]
0%
つつじが丘一丁目
0%
つつじが丘五丁目
0%
つつじが丘三丁目
0%
つつじが丘二丁目
0%
つつじが丘四丁目
0%
鼓ヶ滝
0%
鶴之荘
0%
出合橋[猪名川町]
0%
出合橋[宝塚市]
0%
出在家町
0%
豊島高校前
0%
テニスコート前[芦屋市]
0%
テニスコート前[神戸市]
0%
寺内一丁目
0%
寺戸
0%
天上橋
0%
天神二丁目
0%
天道
0%
天王谷
0%
電話局前
0%
東久保
0%
0%
堂ノ前
0%
東部
0%
東部南口
0%
東和苑
0%
利倉西
0%
図書館
0%
戸田町
0%
杤原
0%
とどろみの森学園前
0%
止々呂美ふるさと自然館前
0%
止々呂美南
0%
鳥羽
0%
友岡
0%
豊川一丁目
0%
豊川支所前
0%
豊川住宅前
0%
豊川四丁目
0%
豊津小学校前
0%
豊中稲荷神社前
0%
豊中九中前
0%
豊中三中前
0%
豊中市役所北
0%
豊中センター前
0%
豊中八中前
0%
豊中不動尊前
0%
豊中本町八丁目
0%
豊中本町四丁目
0%
豊中四中前
0%
鳥飼五久
0%
鳥飼八防
0%
鳥島
0%
内瀬
0%
仲池前
0%
長岡第二中学校前
0%
長岡第四中学校前
0%
長岡天満宮前
0%
長尾台
0%
長尾南小学校前
0%
長尾山霊園
0%
長尾山霊園口
0%
中垣内
0%
中川原
0%
中河原
0%
中河原南口
0%
中木津
0%
中桜塚一丁目
0%
中桜塚四丁目
0%
中宿野
0%
中小学校前
0%
中筋三丁目
0%
中筋七丁目
0%
中筋八丁目
0%
中筋南
0%
中筋山手二丁目
0%
中筋六丁目
0%
長谷口
0%
長谷公民館前
0%
長谷南
0%
中止々呂美
0%
中鳥飼
0%
中野
0%
中野北
0%
長野公園北
0%
中之島
0%
中野住宅前
0%
長野西公園
0%
長野東
0%
中橋
0%
長原
0%
中村[西宮市]
0%
中村[箕面市]
0%
名塩
0%
名塩山荘
0%
名塩小学校前
0%
名塩茶園町
0%
名塩西ノ口
0%
名塩東口
0%
名塩南台一丁目
0%
名塩南台センター前
0%
名塩南台西
0%
名塩南台二丁目
0%
名塩南台東公園前
0%
名塩南台南公園前
0%
名塩南台四丁目
0%
生瀬橋
0%
生瀬橋東詰
0%
生瀬東町
0%
名来
0%
名来北
0%
名来南
0%
業平橋
0%
南宮町西
0%
南宮町南
0%
南部消防出張所前
0%
新高一丁目
0%
新稲
0%
新稲東
0%
新浜町
0%
二階堂
0%
仁川旭ガ丘前
0%
仁川うぐいす台口
0%
仁川北一丁目
0%
仁川口橋
0%
仁川小学校前
0%
仁川植物園前
0%
仁川台北
0%
仁川台中
0%
仁川台南公園
0%
仁川高台西
0%
仁川高丸1丁目
0%
仁川高丸3丁目
0%
仁川高丸中央公園東
0%
仁川高丸2丁目南
0%
仁川団地北
0%
仁川団地前
0%
仁川マンション前
0%
二軒茶屋
0%
西泉台公園前
0%
西畦野
0%
西桑津
0%
西坂部
0%
西宿
0%
西条
0%
西陣町
0%
西田公園前
0%
西多田
0%
西多田一丁目
0%
西多田北
0%
西谷小学校前
0%
西谷の森公園口
0%
西谷夢プラザ
0%
西鳥飼
0%
西長洲
0%
西長洲本通二丁目
0%
西の京
0%
西野団地前
0%
西宮戎
0%
西宮甲山高校前
0%
西宮北インター
0%
西宮市役所東
0%
西宮中央病院前
0%
西宮本町
0%
西畑[池田市]
0%
西畑[猪名川町]
0%
西本町
0%
西町一丁目
0%
西町二丁目
0%
西緑丘
0%
西宮原二丁目
0%
西山口
0%
西山公園体育館前
0%
西山団地
0%
西山橋
0%
仁頂寺公会堂前
0%
二丁目南口
0%
二之切
0%
尼谷
0%
二枚田
0%
如意谷
0%
如意谷一丁目
0%
如意谷三丁目
0%
如意谷住宅前
0%
忍頂寺小学校前
0%
農協乙訓支店前
0%
野上
0%
野上五丁目
0%
野上三丁目
0%
野里
0%
能勢町宿野
0%
能登町
0%
野畑住宅前
0%
野畑小学校前
0%
梅花学園前
0%
灰方
0%
拝原
0%
ハイランド北
0%
白島
0%
白島一丁目
0%
白島北
0%
白水峡墓園前
0%
橋本関雪邸前
0%
柱本
0%
柱本営業所前
0%
柱本団地
0%
走井
0%
0%
畑田
0%
秦野小学校前
0%
畑四丁目
0%
八王寺一丁目
0%
八皇子神社前
0%
八王寺二丁目
0%
鉢塚一丁目
0%
八天の森
0%
服部南町
0%
服部緑地西口
0%
発電所前
0%
花山住宅前
0%
花山東町
0%
馬場[長岡京市]
0%
馬場[茨木市]
0%
浜風大橋北
0%
浜風大橋南
0%
浜風町
0%
浜松原町
0%
林田
0%
林田口
0%
原田下水処理場
0%
原田中一丁目
0%
原田元町三丁目
0%
原町二丁目
0%
阪急石橋北口
0%
阪急小野原住宅北
0%
阪急小野原住宅中央
0%
阪急小野原住宅南
0%
阪急長岡天神南
0%
阪急箕面駅南
0%
半町
0%
阪神水道前
0%
阪神西宮駅東
0%
阪大医学部病院前
0%
阪大医学部前
0%
阪大口
0%
阪大歯学部病院前
0%
阪大東口
0%
阪大南口
0%
パークタウン中央
0%
パークプラザ前
0%
火打二丁目
0%
東旭町
0%
東有野台
0%
東有野台1丁目
0%
東有野台3丁目
0%
東泉丘小学校前
0%
東畦野六丁目
0%
東浦
0%
東おたふく山登山口
0%
東蔵人
0%
東公園前
0%
東生涯学習センター前
0%
東台
0%
東谷行政センター前
0%
東ときわ台九丁目
0%
東ときわ台五丁目
0%
東ときわ台七丁目
0%
東ときわ台二丁目
0%
東豊中五丁目
0%
東豊中小学校前
0%
東豊中団地前
0%
東豊中四丁目
0%
東畑
0%
東浜町
0%
東原町
0%
東一津屋
0%
東福井三丁目
0%
東町
0%
東町公園
0%
東町三丁目
0%
東町センター前
0%
東町二丁目
0%
東山[池田市]
0%
東山[向日市]
0%
東山北公園前
0%
東山台小学校前
0%
東山台二丁目
0%
東山台四丁目
0%
東山町[芦屋市]
0%
東山町[神戸市]
0%
東山南公園前
0%
光が丘北
0%
光が丘中
0%
彦林西公園前
0%
菱川
0%
ピッコロシアター
0%
樋爪口
0%
一庫
0%
一庫ダム
0%
一津屋上
0%
樋之池公園前
0%
樋ノ口小学校前
0%
樋ノ口町
0%
日出町
0%
日出町二丁目
0%
日出橋
0%
日の峰1丁目
0%
日の峰2丁目
0%
病院前
0%
屏風岩
0%
ひよどりインター前
0%
鵯越町
0%
ひよどり台
0%
ひよどり台1丁目
0%
ひよどり台北町
0%
ひよどり台5丁目
0%
ひよどり台センター前
0%
平石
0%
平野口
0%
平野橋
0%
広芝公園前
0%
広芝町
0%
広田
0%
広田神社前
0%
広根
0%
広根中
0%
深谷
0%
福井
0%
福井宮の前
0%
福祉コミュニティプラザ
0%
福田
0%
伏尾
0%
伏尾台一丁目
0%
伏尾台五丁目
0%
伏尾台セラージュ前
0%
伏尾台センター
0%
伏尾台四丁目
0%
藤白台一丁目
0%
藤白台五丁目
0%
藤白台二丁目
0%
藤白台四丁目
0%
ふじしろ幼稚園前
0%
伏見池公園前
0%
伏見台一丁目
0%
伏見台五丁目
0%
伏見台三丁目
0%
伏見台二丁目
0%
伏見台配水池前
0%
伏見台四丁目
0%
藤原台中町3丁目
0%
藤原台中町7丁目
0%
藤原台中町4丁目
0%
藤原台南町1丁目
0%
藤原台南町5丁目
0%
藤原台南町4丁目
0%
附属池田小学校前
0%
二見町
0%
舟坂
0%
舟坂橋
0%
舟坂東口
0%
府民センター前
0%
古市
0%
古江台五丁目
0%
古江台小学校前
0%
古江台四丁目
0%
ふるさと館
0%
プロロジスパーク猪名川2
0%
プロロジスパーク猪名川1
0%
文化会館前
0%
文化センター前
0%
平和台
0%
平和台西
0%
別府東
0%
別府南
0%
保育園前
0%
宝山坂
0%
宝山寺下
0%
宝松苑
0%
宝地ヶ鼻
0%
豊南町西三丁目
0%
坊島
0%
宝梅中学校前
0%
蓬莱峡
0%
北神区民センター前
0%
北摂池田メモリアルパーク前
0%
北摂信愛園前
0%
北陵公民館前
0%
保健医療センター前
0%
保健センター
0%
保健センター前
0%
ほそごう学園前
0%
菩提池
0%
舞塚
0%
前坂
0%
前田橋
0%
前山公園
0%
牧落駅
0%
牧の台会館前
0%
牧の台小学校前
0%
味舌下
0%
間谷北公園前
0%
間谷住宅1
0%
間谷住宅入口
0%
間谷住宅5
0%
間谷住宅3
0%
間谷住宅2
0%
間谷住宅4
0%
間谷西公園前
0%
マックスバリュ前
0%
松尾橋
0%
松が枝町
0%
松が丘北
0%
松が丘南
0%
松葉屋
0%
松山町
0%
豆柏
0%
豆坂口
0%
摩耶山市立自然の家前
0%
摩耶山天上寺前
0%
摩耶ロッジ前
0%
摩耶ロープウェー山上駅
0%
丸の内町
0%
丸山下
0%
丸山台三丁目
0%
満願寺
0%
万善
0%
三国池
0%
三国本町
0%
三咲町
0%
三島江
0%
三島江南口
0%
三島幼稚園前
0%
水呑
0%
瑞穂小学校前
0%
美竹台住宅前
0%
三ッ池
0%
三ッ辻
0%
緑丘[豊中市]
0%
緑丘[池田市]
0%
緑丘小学校前
0%
緑ヶ丘七丁目
0%
緑ヶ丘二丁目
0%
緑台公民館前
0%
緑台三丁目
0%
緑台四丁目
0%
緑町
0%
湊川公園西口
0%
南春日町
0%
南五葉3丁目
0%
南桜塚一丁目
0%
南桜塚三丁目
0%
南桜塚二丁目
0%
南小学校前
0%
南新町
0%
南吹田三丁目
0%
南清和園
0%
南田原口
0%
南野坂自治会館前
0%
南野坂二丁目
0%
南浜町
0%
南平尾
0%
南本町一丁目
0%
南本町四丁目
0%
南町一丁目
0%
南町二丁目
0%
南条
0%
箕面駅
0%
箕面警察前
0%
箕面森町地区センター
0%
箕面森町西
0%
箕面七丁目
0%
箕面墓地公園南
0%
耳原
0%
見場走り
0%
三保ヶ池
0%
宮川小学校前
0%
宮川原橋
0%
宮塚公園前
0%
宮の前
0%
宮の前南
0%
深山池公園北
0%
深山池公園南
0%
宮前町
0%
美山台三丁目
0%
宮山
0%
宮山幼稚園前
0%
美幸町
0%
明神前
0%
ミリカ・ヒルズ前
0%
向日市保健センター前
0%
向日台団地前
0%
向日町郵便局前
0%
六瀬総合センター前
0%
室川町
0%
室山一丁目
0%
名月峠
0%
明峰小学校前
0%
目垣
0%
免山
0%
売布ガ丘北
0%
売布きよしガ丘北
0%
売布きよしガ丘中央公園
0%
売布きよしガ丘南
0%
売布神社口
0%
売布東の町
0%
免許試験場前
0%
モニュメント前
0%
モノレール宇野辺
0%
紅葉町
0%
桃山台東
0%
森上
0%
文珠橋
0%
門前町
0%
門前町南
0%
やきもち地蔵前
0%
薬師堂
0%
安元
0%
八十塚橋
0%
矢問
0%
柳谷公園
0%
山打出
0%
山口センター前
0%
山下本町
0%
山田樫切山
0%
山田弘済院
0%
山田市民体育館前
0%
山田西
0%
山田西四丁目
0%
山田東
0%
山田南
0%
山田南名神下
0%
山田宮ノ前
0%
山田山
0%
山手公園前
0%
山手台芝桜公園前
0%
山手台東五丁目
0%
山手町
0%
山手四丁目
0%
山ノ上
0%
山の口
0%
山辺口
0%
山本東三丁目
0%
山本丸橋
0%
山本南一丁目
0%
ゆうあいセンター
0%
ゆうあいセンター前
0%
紫合中
0%
紫合東口
0%
ゆずり葉台
0%
夢野台
0%
夢野町3丁目
0%
夢野町2丁目
0%
湯山台口
0%
湯山台中央
0%
ゆらら藤白台
0%
用海町
0%
陽光町
0%
幼稚園前
0%
陽明小学校前
0%
横山
0%
吉田橋
0%
芳野町
0%
よみうりカントリークラブ前
0%
読売ゴルフ場
0%
よろづや
0%
洛西高校前
0%
洛西浄化センター
0%
履正社高校
0%
流通センター1
0%
流通センター3
0%
流通センター2
0%
流通センター南
0%
両度町
0%
緑地公園前
0%
ルミナス箕面の森
0%
ルミナス四番街
0%
霊園北口
0%
霊園五区
0%
霊園事務所前
0%
霊園十区
0%
霊園七区
0%
霊園八区
0%
霊園六区
0%
れんが橋
0%
ロジスタ・ロジクロス茨木彩都
0%
六甲ケーブル山上駅
0%
六甲山サイレンスリゾート前
0%
六甲山牧場
0%
若北会館
0%
若葉台4丁目
0%
若葉町
0%
若葉二丁目
0%
若葉二丁目東
0%
若山台一丁目
0%
若山台センター
0%
脇塚
0%
猪名川町B&G海洋センター前
0%
イズミヤ前(阪急長岡天神南)
0%
河陽が丘二丁目(美竹台住宅前)
0%
逆瀬台センター(県立宝塚高校)
0%
桜橋(奥海印寺)
0%
千里山・佐井寺図書館前(ちさと図書館)
0%
藤原台北町2丁目(済生会病院前)
0%
緑地公園駅西口(新御堂筋)
0%
緑地公園駅東口(新御堂筋)
0%
千春会病院前(JR駅前通り)
0%
中殿北公園(JR西宮駅北)
0%
豊中つばさ公園『ma-zika』
0%
JR駅前通り
0%
JR千里丘駅前
0%
JR千里丘口
0%
JR南吹田駅
0%
No matching quizzes found
Score Distribution
Percent of People with Each Score
Percentile by Number Answered
Your Score History
You have not taken this quiz